University Home | Library Home | Institutional Repository

Plum lovin' / (Record no. 123193)

MARC details
000 -LEADER
fixed length control field 00398cam a2200145 4500
008 - FIXED-LENGTH DATA ELEMENTS--GENERAL INFORMATION
fixed length control field 150605n 000 0 eng u
020 ## - INTERNATIONAL STANDARD BOOK NUMBER
International Standard Book Number 9780312985363
035 ## - SYSTEM CONTROL NUMBER
System control number (Sirsi) a190498
050 ## - LIBRARY OF CONGRESS CALL NUMBER
Classification number PN 3377.5.L68 EVA 2007
100 ## - MAIN ENTRY--PERSONAL NAME
Personal name Evanovich, Janet
245 ## - TITLE STATEMENT
Title Plum lovin' /
Statement of responsibility, etc. Janet Evanovich
260 ## - PUBLICATION, DISTRIBUTION, ETC.
Place of publication, distribution, etc. New York:
Name of publisher, distributor, etc. St. Martin's Paperbacks,
Date of publication, distribution, etc. 2007.
300 ## - PHYSICAL DESCRIPTION
Extent 275p.
650 ## - SUBJECT ADDED ENTRY--TOPICAL TERM
Topical term or geographic name entry element Fiction
Holdings
Withdrawn status Lost status Source of classification or shelving scheme Damaged status Not for loan Home library Current library Shelving location Total Checkouts Full call number Barcode Date last seen Date last checked out Copy number Price effective from Koha item type
    Library of Congress Classification     Main Library Main Library On Shelf 1 PN 3377.5.L68 EVA 2007 33729005276097 06/26/2023 06/12/2023 1 08/22/2019 Book
© 2026 - The University of Zambia Library - Koha v25.11